Statistics for Non-native UK animals by picture

Click here to take the quiz!

General Stats

  • This quiz has been taken 39 times
  • The average score is 4 of 11

Answer Stats

Answer% Correct
Grey squirrel
94%
Muntjac
50%
Coati
38%
American mink
31%
Coypu
25%
Ring-necked parakeet
25%
Red-necked wallaby
22%
Ruddy duck
22%
Signal crayfish
22%
Sika deer
22%
Edible dormouse
13%

Score Distribution

Percentile by Number Answered

Percent of People with Each Score

Your Score History

You have not taken this quiz